000
00310nam a22001337a 4500
008
170203b xxu||||| |||| 00| 0 eng d
020
_a
9781416038542
041
_a
eng
080
_2
5TH
_a
61
100
_a
3
101
_a
SHM
245
_a
PHYSICAL EXAMINATION & HEALTH ASSESSMENT
_c
JARVIS, C
942
_2
udc
_c
BK
999
_c
4540
_d
4540